000 00578nam a2200181 i 4500
001 51383
003 ES-MaACL
005 20240524062951.0
007 t|
008 030812s1919 fr ||||1| fre d
100 0 _aChesterton, G. K.,
_d1874-1936
_938399
245 1 3 _aLa clairvoyance du Pére Brown /
_cG.K. Chesterton ; traduit par Emile Cammaerts.
260 _aParís :
_bPerrin et Cie,
_c1919 (
_eTours :
_fE. Arrault et Cie)
300 _a353 p. ;
_c19 cm.
700 1 _aCammaerts, Emile.
_934089
852 _aES-MaACL
_jF-10317
999 _c51383
_d51383